4 Movies, 1 Thing in Common XI Quiz Stats

 Plays Quiz Updated Jun 12, 2017

Support Sporcle.
Go Orange.
Score 0/17 Timer 05:00
0 Plays Today
% Correct
Green characters
89.7%
Animals that can talk
86.1%
Movies with brothers
83.5%
Movies set on islands
82.7%
Characters go undercover
81.8%
Movies set in Rome
80.2%
A major character drowns
76.8%
Vacation romance movies
76.5%
Alicia Silverstone
75.9%
% Correct
Ewan McGregor
75.8%
Movies set on farms
75.5%
1996 movies
69.3%
Directed by the Coen Brothers
69%
Chase scenes on foot
60.5%
Film noir
60%
Movies that feature a Hogwarts Professor
56.8%
Movies with mysterious strangers
56.2%

You're not logged in!

Compare scores with friends on all Sporcle quizzes.
OR
Log In
Forgot?

From the Vault

Star Wars Episode Words In Order

by alinrotundu

If you get a 100% here, you should consider joining the First Order.
Remove Ads.
Support Sporcle.
Get the best of Sporcle when you Go Orange. This ad-free experience offers more features, more stats, and more fun while also helping to support Sporcle. Thank you for becoming a member.

Show Comments

Extras

Top Quizzes Today


Score Distribution

Your Account Isn't Verified!

In order to create a playlist on Sporcle, you need to verify the email address you used during registration. Go to your Sporcle Settings to finish the process.

Report this User

Report this user for behavior that violates our Community Guidelines.

Details: